000
00317nam a22001457a 4500
008
210225b ||||| |||| 00| 0 eng d
020
_a
080166318
041
_a
eng
080
_a
32
082
_a
32
100
_a
20
101
_a
SHP
245
_a
Implementing Shared Governance
_c
O'Grady, T.P
942
_2
udc
_c
BK
999
_c
55188
_d
55188